000 02514cam a22006374i 4500
003 PE-LiUPU
005 20250731170455.0
008 150706s2011 mx a rb 000 0 spa d
035 _a(Sirsi) a51820
040 _aPE-LiUPU
_bspa
_cPE-LiUPU
_erda
049 _aPRUA
082 0 4 _a152.4
_bP45
_221
100 1 _aPereyra Lavandina, Mario,
_eautor.
245 1 0 _aTerapia de la esperanza /
_cMario Pereyra Lavandina.
250 _a3a ed.
264 1 _aMéxico :
_bMontemorelos,
_c2011.
300 _a259 páginas :
_bilustraciones ;
_c23 centimetros
336 _atext
_2rdacontent
337 _aunmediated
_2rdamedia
338 _avolume
_2rdacarrier
504 _aIncluye bibliografía.
505 0 _aEl poder terapéutico de la esperanza -- De la psicopatología a las fortalezas de la salud -- La esperanza en la estrategia terapéutica -- La terapia de la desesperanza -- Las terapias de la esperanza -- La arquitectura del futuro -- Cómo abrir los horizontes del futuro.
526 _aSEG68
526 _aSEG70
526 _aSEG69
526 _aSEG67
526 _aSEG43
526 _aP144
526 _aP143
526 _aP131
526 _aP122
526 _aP120
526 _aP117
526 _aP112
526 _aP110
526 _aP106
526 _aP101
526 _aP80
526 _aP59
526 _aP54
526 _aP35
526 _aP33
526 _aP30
541 _g00000391;
541 _g00000391;
650 0 4 _aEsperanza
_xAspectos psicológicos
_vObras populares.
650 0 4 _aFe
_xAspectos psicológicos.
910 _agl
_bjv
_cng
_d20121217
942 _2ddc
_cBOOK
949 _a152.4 P45
_wDEWEY
_c1
_i66027
_lCCODEBUL1
_mBUL
_p46.00
_r0
_sY
_tLIBRO
_u2015-07-06
_xSALUD
_PP33
_o.STAFF. Colección General
949 _a152.4 P45
_wDEWEY
_c2
_i66028
_lCCODEBUL1
_mBUL
_p46.00
_r0
_sY
_tLIBRO
_u2015-07-06
_xSALUD
_PP33
_o.STAFF. Colección General
994 _aC0
_bPEPRU
596 _a1
999 _a152.4 P45
_wDEWEY
_c54385
_i66027
_d54385
_e2018-4-19
_f2021-11-3
_g5
_lCCODEBUL1
_mBUL
_n6
_p46.00
_r0
_sY
_tBOOK
_u2015-7-6
_xSALUD
_PP33
_0COMPRA
_o.STAFF. Colección Ciencias de la Salud
999 _a152.4 P45
_wDEWEY
_c2
_i66028
_d2018-2-19
_e2017-6-14
_f2021-11-3
_g5
_lCCODEBUL1
_mBUL
_n7
_p46.00
_q1
_r0
_sY
_tBOOK
_u2015-7-6
_xSALUD
_PP33
_0COMPRA
_o.STAFF. Colección General
980 _81
_gALBERTO SANCHEZ Responsable de Automatización